Statistics for Robert Redford Movies

Click here to take the quiz!

General Stats

  • This quiz has been taken 115 times
  • The average score is 10 of 16

Answer Stats

ClueMovie% Correct
Old West outlaws rob trains and banks before escaping to BoliviaButch Cassidy and the Sundance Kid
96%
Danish woman has a loveless marriage and a torrid affair with a big game hunter in AfricaOut of Africa
89%
Mysterious man from Montana has an unusual talent to cure horses from their fearThe Horse Whisperer
89%
The true story behind the Watergate Scandal according to the Washington PostAll the President's Men
87%
Great depression bandits want to avenge their killed friend by using fraudulent methodsThe Sting
83%
Billionaire is willing to offer $1,000,000 for a night with a broke, but married womanIndecent Proposal
80%
In the Roaring Twenties, a mysterious bootlegger organizes extravagant parties each SaturdayThe Great Gatsby
76%
Baseball player with troubled past starts his professional career at age 35The Natural
69%
Shielded superhero has to stop the head of a maleficent conspiracy with the help of two of his Marvel colleaguesCaptain America: The Winter Soldier
59%
After moving into a sordid New York apartment, a recently-married couple has to face a series of domestic problems...Barefoot in the Park
54%
The story of a couple is told while McCarthyism is thriving in the 1950sThe Way We Were
53%
Mexican War veteran escapes violence by travelling to the Rocky MountainsJeremiah Johnson
47%
CIA agent investigates about the murder of his colleaguesThree Days of the Condor
47%
Lonely navigator struggles to survive a relentless series of dangers during a sea tripAll Is Lost
34%
Determined reporter investigates about a former Weather Underground militant who is pursued by the FBIThe Company You Keep
22%
Ambitious reporter sees her career gradually thriving, to the detriment of her employerUp Close and Personal
20%

Score Distribution

Percentile by Number Answered

Percent of People with Each Score

Your Score History

You have not taken this quiz